The crisis, the country, the Congress; (Record no. 80747)

MARC details
000 -LEADER
fixed length control field 00678nam a22002291 4500
001 - CONTROL NUMBER
control field sa 68005442
003 - CONTROL NUMBER IDENTIFIER
control field DLC
005 - DATE AND TIME OF LATEST TRANSACTION
control field 20260227112509.0
008 - FIXED-LENGTH DATA ELEMENTS--GENERAL INFORMATION
fixed length control field 710915s1967 ii 00010 eng
010 ## - LIBRARY OF CONGRESS CONTROL NUMBER
LC control number sa 68005442
025 ## - OVERSEAS ACQUISITION NUMBER
Overseas acquisition number PL480:I-E-9089
043 ## - GEOGRAPHIC AREA CODE
Geographic area code a-ii---
050 0# - LIBRARY OF CONGRESS CALL NUMBER
Classification number JQ298.I5
Item number M57
082 ## - DEWEY DECIMAL CLASSIFICATION NUMBER
Classification number 320.9/54
100 10 - MAIN ENTRY--PERSONAL NAME
Personal name Mishra, Shyam Nandan,
Dates associated with a name 1920-
245 14 - TITLE STATEMENT
Title The crisis, the country, the Congress;
Remainder of title a thesis on postelection crisis
Statement of responsibility, etc. [by] S. N. Mishra.
260 0# - PUBLICATION, DISTRIBUTION, ETC.
Place of publication, distribution, etc. [New Delhi]
Name of publisher, distributor, etc. Congress Socialist Forum,
Date of publication, distribution, etc. 1967.
300 ## - PHYSICAL DESCRIPTION
Extent 40 p.
Dimensions 21 cm.
350 ## - PRICE (NR) (BK AM CF MU VM SE) [OBSOLETE]
Price Rs5
610 20 - SUBJECT ADDED ENTRY--CORPORATE NAME
Corporate name or jurisdiction name as entry element Indian National Congress.
651 #0 - SUBJECT ADDED ENTRY--GEOGRAPHIC NAME
Geographic name India
General subdivision Politics and government
Chronological subdivision 1947-

No items available.

Powered by Koha